[Event "97th ch-GBR"]
[Site "Canterbury ENG"]
[Date "2010.08.03"]
[Round "8"]
[White "Gormally,D"]
[Black "Mason,D"]
[Result "1-0"]
[WhiteElo "2480"]
[BlackElo "2219"]

1.d4 Nf6 2.Bg5 c5 3.d5 d6 4.Nc3 h6 5.Bxf6 exf6 6.e4 f5 7.Bb5+ Nd7 8.exf5 Be7
9.Nge2 a6 10.Bxd7+ Bxd7 11.Ng3 Bf6 12.Nce4 Bxb2 13.Nxd6+ Ke7 14.Rb1 Kxd6
15.Ne4+ Kc7 16.d6+ Kc8 17.O-O Bd4 18.c3 Bc6 19.Qd3 Qh4 20.Rfe1 Be5 21.g3 Qh3
22.Qe3 Qxf5 23.Qxc5 Qd7 24.Qxe5 Re8 25.Qc5 Re6 26.Nd2 Qxd6 27.Qxd6 Rxd6 28.Nc4 Kc7
29.Nxd6 Kxd6 30.Rbd1+ Kc5 31.Rd4 Re8 32.Rxe8 Bxe8 33.f4 Bc6 34.Kf2 Bd5 35.a3 f5
36.Ke3 b5 37.h3 h5 38.a4 bxa4 39.Rxa4 Bc4 40.Ra1 g6 41.Kd2 Kd6 42.Re1 Bb5
43.Re5  1-0

[Event "5th FIDE GP w"]
[Site "Ulaanbaatar MGL"]
[Date "2010.08.04"]
[Round "5"]
[White "Stefanova,A"]
[Black "Kosintseva,T"]
[Result "1-0"]
[WhiteElo "2560"]
[BlackElo "2562"]

1.d4 Nf6 2.Bg5 d5 3.e3 g6 4.Bxf6 exf6 5.Ne2 Bd6 6.g3 c6 7.Bg2 f5 8.b3 Be6
9.Qd3 Nd7 10.Nd2 Nf6 11.c4 Ne4 12.c5 Bc7 13.b4 h5 14.Nf3 Qf6 15.h4 Qg7 16.O-O f6
17.b5 g5 18.bxc6 bxc6 19.Qa6 Bd7 20.Rab1 O-O 21.Rb7 Bc8 22.Rfb1 Bxb7 23.Rxb7 Qd7
24.hxg5 Nxg5 25.Nh4 Rfb8 26.Nf4 Ne4 27.Qxa7  1-0

[Event "XIV Republica"]
[Site "Villa Martelli ARG"]
[Date "2010.08.04"]
[Round "1"]
[White "Barrionuevo,P"]
[Black "Real de Azua,E"]
[Result "0-1"]
[WhiteElo "2337"]
[BlackElo "2432"]

1.d4 Nf6 2.Bg5 c5 3.d5 Ne4 4.Bf4 Qb6 5.Bc1 e6 6.f3 Nf6 7.e4 Bd6 8.c4 Be5
9.Nc3 O-O 10.Bd3 exd5 11.exd5 Re8 12.Nge2 Bd4 13.Qc2 d6 14.Bd2 Nbd7 15.O-O-O Ne5
16.Nxd4 cxd4 17.Ne4 Nxe4 18.Bxe4 f5 19.Bd3 Qa6 20.Kb1 Bd7 21.b3 Rac8 22.Bb4 b5
23.cxb5 Bxb5 24.Bxb5 Qxb5 25.Qd2 a5 26.Bxd6 Nc4 27.Qf4 a4 28.b4 Na3+ 29.Kb2 Re2+
30.Ka1 Qc4  0-1

[Event "Open"]
[Site "Minsk BLR"]
[Date "2010.08.05"]
[Round "2"]
[White "Filipets,Egor"]
[Black "Daulyte,D"]
[Result "0-1"]
[WhiteElo "2072"]
[BlackElo "2333"]

1.d4 Nf6 2.Bg5 g6 3.Bxf6 exf6 4.e3 Bg7 5.Bd3 f5 6.Nf3 O-O 7.O-O d6 8.c4 Nd7
9.Nc3 Nf6 10.Qc2 Re8 11.Rfe1 b6 12.a4 Bb7 13.d5 a5 14.Rad1 Nd7 15.Nb5 Ne5
16.Nfd4 Ba6 17.b3 Bxb5 18.Nxb5 Nd7 19.Re2 Nc5 20.Rde1 Qd7 21.g3 Re7 22.Rd2 h5
23.Qd1 h4 24.Bc2 Bf6 25.Qf3 Ne4 26.Bxe4 Rxe4 27.Qg2 Rae8 28.Rde2 Kg7 29.Na7 f4
30.gxf4 Bc3 31.Rc1 Rxf4 32.h3 Bf6 33.e4 Re5 34.Kf1 Rg5 35.Qh2 Rf3 36.Re3 Be5
37.Qxe5+ Rxe5 38.Rxf3 Rxe4 39.Nc6 g5 40.Re1 Rxe1+ 41.Kxe1 g4 42.Rf4 gxh3
43.Rxh4 Qf5 44.Nd4 Qd3 45.f3 h2 46.Rxh2 Qxd4 47.Rg2+ Kf6 48.Rc2 Qe3+  0-1

[Event "28th WJun Girls"]
[Site "Chotowa POL"]
[Date "2010.08.06"]
[Round "4"]
[White "Corke,A"]
[Black "Deur,Z"]
[Result "1-0"]
[WhiteElo "2257"]
[BlackElo "2061"]

1.d4 Nf6 2.Bg5 d5 3.Nd2 c5 4.dxc5 Qa5 5.Bxf6 gxf6 6.g3 e6 7.c3 Qxc5 8.Bg2 Nc6
9.e4 dxe4 10.Nxe4 Qe7 11.Ne2 f5 12.Nd2 Bd7 13.Nc4 Qc5 14.Ne3 Rd8 15.O-O Bh6
16.b4 Qe7 17.Nc4 O-O 18.b5 Qc5 19.Qb3 Ne5 20.Nxe5 Qxe5 21.Nd4 Qc7 22.a4 e5
23.Nf3 Be6 24.Qb4 f4 25.Rfe1 f6 26.Nd4 exd4 27.Rxe6 Qxc3 28.Qb1 fxg3 29.hxg3 Rd7
30.Qa2 Kh8 31.Rd1 d3 32.Bf3 d2 33.Kg2 Rc7 34.Qd5 Qc4 35.Qd6 Qc5 36.Qd3 Bg5
37.Be2 Rg7 38.Rd6 f5 39.Rd5 Qc8 40.Qd4 Qb8 41.Rd7 Bf6 42.Qxd2 Rxd7 43.Qxd7 Qe8
44.Bf3 Qe5 45.Qxb7 Qc5 46.Rd7  1-0

[Event "GM"]
[Site "Stara Pazova SRB"]
[Date "2010.08.06"]
[Round "8"]
[White "Indjic,D"]
[Black "Djurovic,G"]
[Result "0-1"]
[WhiteElo "2329"]
[BlackElo "2348"]

1.d4 Nf6 2.Bg5 c5 3.Bxf6 gxf6 4.d5 Qb6 5.Qc1 f5 6.g3 d6 7.Bg2 Nd7 8.Nh3 h5
9.Nd2 Nf6 10.O-O h4 11.Nf4 Bd7 12.a4 O-O-O 13.a5 Qc7 14.Nc4 hxg3 15.hxg3 e5
16.dxe6 fxe6 17.a6 b6 18.Na3 Bh6 19.e3 Bxf4 20.exf4 Bc6 21.Qe1 Qh7 22.f3 Qh2+
23.Kf2 Ng4+ 24.fxg4 Qxg2+ 25.Ke3 Rh2 26.Kd3 Qd5+ 27.Kc3 Qd4+  0-1

[Event "Open"]
[Site "Minsk BLR"]
[Date "2010.08.09"]
[Round "6"]
[White "Harshkou,M"]
[Black "Daulyte,D"]
[Result "1-0"]
[WhiteElo "2175"]
[BlackElo "2333"]

1.d4 Nf6 2.Bg5 c5 3.Bxf6 gxf6 4.d5 d6 5.c4 Bg7 6.e3 Nd7 7.Nc3 Ne5 8.f4 Ng4
9.Qd2 f5 10.Nf3 Bd7 11.Bd3 Qb6 12.O-O Nxe3 13.Qxe3 Bd4 14.Nxd4 cxd4 15.Na4 dxe3
16.Nxb6 axb6 17.Rf3 e2 18.Bxe2 Kd8 19.Rb3 Kc7 20.Re3 Rae8 21.Bh5 Rhf8 22.Rae1 Kd8
23.Kf2 Bc8 24.Rb3 Kc7 25.Rg3 e5 26.Rg7 h6 27.Rxf7+ Rxf7 28.Bxf7 Rf8 29.Bh5 e4
30.a4 Bd7 31.b3 Rc8 32.h3 b5 33.axb5 Ra8 34.g4 Kb6 35.gxf5 Bxf5 36.Bg4 Bh7
37.f5 h5 38.Rxe4 hxg4 39.hxg4 Rg8 40.Re7 Rxg4 41.Rxh7 Rf4+ 42.Ke3 Rxf5 43.Rd7  1-0

[Event "FSIMB August"]
[Site "Budapest HUN"]
[Date "2010.08.10"]
[Round "4"]
[White "Qu Yanqiao"]
[Black "Petran,Pa"]
[Result "0-1"]
[WhiteElo "2149"]
[BlackElo "2372"]

1.d4 Nf6 2.Bg5 d5 3.Bxf6 exf6 4.e3 Bd6 5.c4 dxc4 6.Bxc4 O-O 7.Nf3 Nd7 8.O-O f5
9.Nbd2 Nf6 10.Qb3 Qe7 11.Rfe1 Rb8 12.Rad1 Bd7 13.a3 g6 14.g3 b5 15.Bf1 Be6
16.Qc2 Bd5 17.Bg2 c5 18.dxc5 Bxc5 19.b4 Bb6 20.Nb3 Rbc8 21.Qb2 Rfd8 22.Nbd4 a6
23.Rc1 Ne4 24.Rc2 Nd6 25.Bf1 Rxc2 26.Qxc2 Rc8 27.Qd2 Qb7 28.Be2 Nc4 29.Qd3 Be4
30.Qb3 Bd5 31.Qd3 Re8 32.Qc3 Rc8 33.Rc1 Nd6 34.Qe1 Bc4 35.Bd1 Re8 36.Qc3 Ne4
37.Qb2 Nd6 38.a4 Qd5 39.axb5 axb5 40.Ra1 Ra8 41.Rxa8+ Qxa8 42.Bb3 Ne4 43.h4 h5
44.Bc2 Bc7 45.Bxe4 fxe4 46.Nd2 Bd3 47.N2b3 Qd5 48.Na5 Bd6 49.Ndc6 Qe6 50.Qd4 Qh3
51.Qxd6 Bf1 52.Ne7+ Kh7  0-1

[Event "28th WJun Girls"]
[Site "Chotowa POL"]
[Date "2010.08.10"]
[Round "7"]
[White "Ho En Huei,D"]
[Black "Tomaszewska,L"]
[Result "0-1"]
[WhiteElo "1898"]
[BlackElo "1968"]

1.d4 Nf6 2.Bg5 d5 3.Bxf6 exf6 4.e3 c6 5.c4 dxc4 6.Bxc4 Bd6 7.Nc3 O-O 8.Qc2 f5
9.Bd3 Qg5 10.g3 b5 11.O-O-O Na6 12.Qe2 Nb4 13.Bb1 Be6 14.Nh3 Qf6 15.Nf4 Bxf4
16.gxf4 Nd5 17.Rhg1 Nxc3 18.bxc3 Rab8 19.a3 a5 20.Ba2 b4 21.axb4 axb4 22.c4 b3
23.Bb1 Rb4 24.c5 b2+ 25.Kd2 Ra8 26.Ke1 Qd8 27.Qd2 Qb8 28.f3 g6 29.Kf2 Ra1
30.e4 fxe4 31.fxe4 Ba2 32.Kf3 Bxb1 33.Rxb1 Raa4 34.d5 cxd5 35.exd5 Rxf4+
36.Kg2 Rg4+ 37.Kh1 Rxg1+ 38.Kxg1 Ra1 39.Qc2 Rxb1+ 40.Qxb1 Qb4 41.d6 Qxc5+
42.Kg2 Qxd6 43.Qxb2 Qd5+ 44.Kg3 Qg5+ 45.Kh3 Qf5+ 46.Kg3 h5 47.Qb8+ Kh7 48.Qc7 g5
49.Kg2 g4 50.Kg3 Qf3+ 51.Kh4 Kg6 52.Qb6+ Qf6+ 53.Qxf6+ Kxf6  0-1

[Event "GM3 Proclient Cup"]
[Site "Olomouc CZE"]
[Date "2010.08.11"]
[Round "8"]
[White "Pisk,P"]
[Black "Warakomski,T"]
[Result "1/2-1/2"]
[WhiteElo "2337"]
[BlackElo "2495"]

1.d4 Nf6 2.Bg5 d5 3.Bxf6 exf6 4.e3 Be6 5.g3 c6 6.Nd2 f5 7.Ne2 Nd7 8.Bg2 Nf6
9.Nf4 Qe7 10.c4 dxc4 11.Qc2 Nd5 12.Nxe6 Qxe6 13.Qxc4 Rd8 14.O-O Be7 15.a3  1/2-1/2

[Event "Open"]
[Site "Olomouc CZE"]
[Date "2010.08.11"]
[Round "8"]
[White "Tesar,J"]
[Black "Furman,Bo"]
[Result "0-1"]
[WhiteElo "2114"]
[BlackElo "2237"]

1.d4 Nf6 2.Bg5 c5 3.d5 Ne4 4.Bf4 Qb6 5.Bc1 e5 6.f3 Nd6 7.e4 f5 8.Nc3 Be7
9.a4 O-O 10.a5 Qd8 11.Be3 fxe4 12.fxe4 Nf7 13.Nf3 d6 14.Be2 Ng5 15.O-O Nxf3+
16.Rxf3 Rxf3 17.Bxf3 Bg5 18.Bxg5 Qxg5 19.Nb5 Qe7 20.Bg4 Nd7 21.Qd3 a6 22.Be6+ Kh8
23.Nc7 Rb8 24.Rf1 Nf6 25.Bxc8 Qxc7 26.Bf5 Qxa5 27.g4 Qd8 28.Qh3 h6 29.Rf3 Ng8
30.Qh5 Qf6 31.h4 Rf8 32.Rb3 b5 33.Ra3 g6 34.Qxg6 Qxg6 35.Bxg6 Ra8 36.Bf5 a5
37.g5 Ne7 38.Bd7 b4 39.Rf3 a4 40.Rf1 hxg5 41.hxg5 Kg7 42.Bf5 Ng6 43.Kf2 a3
44.bxa3 Rxa3 45.Ke2 Ra2 46.Rc1 Nf4+ 47.Ke3 Ra3+ 48.Kd2 Rg3 49.Rh1 Rxg5 50.Rh7+ Kf8
51.Rd7 Rg2+ 52.Kd1 c4 53.Ke1 Rxc2 54.Rxd6 b3 55.Rb6 b2 56.Rb8+ Ke7 57.d6+ Kxd6  0-1

[Event "TCh-MKD"]
[Site "Struga MKD"]
[Date "2010.08.11"]
[Round "3"]
[White "Stojanov,J"]
[Black "Micov,V"]
[Result "1/2-1/2"]
[WhiteElo "2209"]
[BlackElo "2268"]

1.d4 Nf6 2.Bg5 c5 3.Bxf6 gxf6 4.d5 Qb6 5.Qc1 Bh6 6.e3 d6 7.Nd2 Qa5 8.a4 Nd7
9.Nf3 Ne5 10.Nxe5 fxe5 11.c3 Bf5 12.Be2 Rg8 13.g4 Bd7 14.Qc2 Rh8 15.h3 Bg7
16.Bd3 h6 17.Nc4 Qc7 18.Bf5 Bf6 19.Ke2 h5 20.Bxd7+ Qxd7 21.Qf5 hxg4 22.hxg4 Rxh1
23.Rxh1 Qxf5 24.gxf5 Kd7 25.Nd2 Rh8 26.Rxh8 Bxh8 27.Kd3 Bf6 28.Ne4 Bh4 29.Kc4 Kc7
30.b4 cxb4 31.Kxb4 Kd7 32.c4 Kc7 33.a5 Kd7 34.Ka4 Kc7 35.Kb5 Kd7  1/2-1/2

[Event "7th CHN-RUS w Rapid"]
[Site "Ningbo CHN"]
[Date "2010.08.12"]
[Round "6"]
[White "Huang Qian"]
[Black "Kashlinskaya,A"]
[Result "1-0"]
[WhiteElo "2447"]
[BlackElo "2352"]

1.d4 Nf6 2.Bg5 d5 3.Nf3 c6 4.e3 Bg4 5.Be2 e6 6.O-O Be7 7.Nbd2 O-O 8.c4 Nbd7
9.Rc1 dxc4 10.Nxc4 Nd5 11.Bxe7 Qxe7 12.h3 Bh5 13.Qb3 Rab8 14.Rfe1 c5 15.Qa3 cxd4
16.Qxe7 Nxe7 17.Nxd4 Bg6 18.Red1 Rfd8 19.Bf3 a6 20.Na5 e5 21.Nxb7 exd4 22.Nxd8 Rxd8
23.Rxd4 Kf8 24.Rc7 Ke8 25.Ra7 Bf5 26.Rxa6 Rb8 27.Ra8 Rxa8 28.Bxa8 Nb6 29.Bb7 Be6
30.a4 Nf5 31.Rb4 Nc4 32.Bf3 Nfd6 33.b3 Na5 34.Rb8+ Kd7 35.b4 Nac4 36.a5 Kc7
37.Rg8 g6 38.g4 Ne5 39.Bg2 Nd3 40.a6 Nc8 41.b5 Kb6 42.Rh8 Ne5 43.f4 Nc4 44.Kf2 N4d6
45.e4 Nxb5 46.f5 Bd7 47.Rxh7 Kc7 48.Rxf7 Ncd6 49.Rf8 gxf5 50.exf5 Kb6 51.h4 Kxa6
52.Rd8 Be8 53.Bf1 Kb6 54.Bxb5 Ne4+ 55.Ke3  1-0

[Event "14th HZ Open"]
[Site "Vlissingen NED"]
[Date "2010.08.12"]
[Round "7"]
[White "Thompson,Robert"]
[Black "Eng,A"]
[Result "0-1"]
[WhiteElo "1905"]
[BlackElo "2086"]

1.d4 Nf6 2.Bg5 c5 3.Bxf6 gxf6 4.d5 Qb6 5.Qc1 d6 6.g3 Bg7 7.Bg2 Na6 8.Nh3 h5
9.Nd2 Bd7 10.O-O h4 11.Nf4 O-O-O 12.a4 Rdg8 13.c3 Bh6 14.e3 Rg7 15.b4 hxg3
16.hxg3 Qd8 17.Qa3 Qg8 18.Rfb1 Qh7 19.b5 Bxf4 20.exf4 Bf5 21.Nf3 Bxb1 22.bxa6 b6
23.a5 Qc2 24.Bf1 Qd1 25.Kg2 Rgh7 26.Qb2 Be4  0-1

[Event "49th WJun"]
[Site "Chotowa POL"]
[Date "2010.08.13"]
[Round "10"]
[White "Salgado Lopez,I"]
[Black "Kanmazalp,O"]
[Result "1-0"]
[WhiteElo "2607"]
[BlackElo "2381"]

1.d4 Nf6 2.Bg5 c5 3.Bxf6 gxf6 4.d5 Qb6 5.Qc1 f5 6.g3 Bg7 7.c3 d6 8.Bg2 Nd7
9.Nd2 Qa6 10.Ndf3 Nf6 11.Nh4 Bd7 12.Nh3 O-O-O 13.Qc2 e6 14.O-O Ne4 15.Nf4 h5
16.Bxe4 fxe4 17.Qxe4 Bf6 18.dxe6 fxe6 19.Nfg6 Rhg8 20.Rfe1 Qa4 21.c4 Bxh4
22.b3 Qa5 23.Nxh4 Rg4 24.Qh7 Rdg8 25.f3 R4g7 26.Qxh5 Qd8 27.Qh6 Rg5 28.Qh7 e5
29.Kf2 Rh8 30.Qd3 Rxh4 31.gxh4 Rf5 32.Qe4 Rf4 33.Qg6 Rxh4 34.Rad1 Rxh2+ 35.Ke3 Qf8
36.Qxd6 Qf4+ 37.Kd3 Bf5+ 38.Kc3 Qe3+ 39.Kb2  1-0

[Event "XI Miquel Mas Open"]
[Site "Figueres ESP"]
[Date "2010.08.13"]
[Round "3"]
[White "Vinas Serra,J"]
[Black "Vidal Zamora,C"]
[Result "1/2-1/2"]
[WhiteElo "1878"]
[BlackElo "1677"]

1.d4 d5 2.Bg5 Nf6 3.Nd2 Bf5 4.c3 e6 5.Ngf3 Be7 6.Nh4 Bg6 7.Nxg6 hxg6 8.f3 Nh5
9.Bxe7 Qxe7 10.Qa4+ Nd7 11.O-O-O Ng3 12.Rg1 Rxh2 13.e4 dxe4 14.fxe4 Qg5 15.Qb5 Qxb5
16.Bxb5 c6 17.Bd3 O-O-O 18.Nf3 Rh5 19.e5 c5 20.Kd2 c4 21.Bxc4 Nxe5 22.Nxe5 Rxe5
23.Kc2 Rf5 24.Rd2 Ne4 25.Re2 Ng3 26.Rd2 Ne4 27.Re2 Ng3  1/2-1/2

[Event "XI Miquel Mas Open"]
[Site "Figueres ESP"]
[Date "2010.08.13"]
[Round "3"]
[White "Lasinskas,P"]
[Black "Mirasol Obrador,M"]
[Result "0-1"]
[WhiteElo "2180"]
[BlackElo "1832"]

1.d4 d5 2.Bg5 Nf6 3.Nc3 e6 4.a3 Be7 5.e3 Nbd7 6.f4 c5 7.Nf3 h6 8.Bh4 Ng4
9.Bxe7 Qxe7 10.Qd2 Rb8 11.Be2 Ngf6 12.O-O O-O 13.Ne5 Nxe5 14.dxe5 Ne4 15.Nxe4 dxe4
16.Rad1 b5 17.Qa5 Rb6 18.b3 Qb7 19.a4 Bd7 20.Bxb5 Bxb5 21.axb5 Rxb5 22.Qc3 Rc8
23.f5 exf5 24.Rxf5 c4 25.bxc4 Rbc5 26.Qb3 Qc7 27.Rdf1 Rxc4 28.Rxf7 Qxf7 29.Rxf7 Kxf7
30.Qb7+ R8c7 31.Qd5+ Kf8 32.h4 Rxc2 33.Qxe4 R2c4 34.Qd5 R4c6 35.h5 Rc1+ 36.Kh2 Re7
37.Qd8+ Kf7 38.Qd5+ Kf8 39.Kg3 Rc8 40.Qf3+ Kg8 41.Qd5+ Kf8 42.Kf4 Rce8 43.Qd6 Kg8
44.Qd5+ Kf8 45.Qc5 Kg8 46.Qc4+ Kf8 47.Kf5 Rxe5+ 48.Kg6 R5e6+ 49.Kh7 R8e7
50.Kh8 Kf7 51.Qf4+ Rf6 52.Qc4+ Rfe6 53.Qd5 Kf8 54.Qa8+ Kf7 55.Qf3+ Rf6 56.Qd5+ Rfe6
57.Kh7 Kf8 58.Qf3+ Ke8 59.Qa8+ Kf7 60.Qg8+ Kf6 61.Qb8 g5+  0-1

[Event "28th WJun Girls"]
[Site "Chotowa POL"]
[Date "2010.08.14"]
[Round "11"]
[White "Ho En Huei,D"]
[Black "Tonel,G"]
[Result "1/2-1/2"]
[WhiteElo "1898"]
[BlackElo "2001"]

1.d4 Nf6 2.Bg5 c5 3.Bxf6 gxf6 4.d5 Qb6 5.Qc1 Bh6 6.e3 f5 7.c4 Na6 8.Nf3 Rg8
9.Nc3 Nc7 10.Qc2 Qf6 11.O-O-O d6 12.g3 Bd7 13.Kb1 O-O-O 14.Ne1 Kb8 15.Bg2 Bg7
16.Rd2 a6 17.a4 b6 18.f4 Ka7 19.Nd3 Rb8 20.e4 Qg6 21.e5 h5 22.Re1 Bf8 23.Rde2 h4
24.Re3 Rh8 25.Qd1 Bg7 26.exd6 exd6 27.Re7 Rhd8 28.Bf3 Bxc3 29.bxc3 Qf6 30.Ne5 dxe5
31.d6 Ne8 32.fxe5 Qg6 33.Bc6 f4+ 34.Qc2 Qg4 35.e6 Nf6 36.Bxd7 Nxd7 37.Rxd7+ Rxd7
38.exd7 Rd8 39.Qd3 fxg3 40.Qd5 g2 41.Qc6 Rxd7 42.Kb2 Rb7 43.Re7 Rxe7 44.dxe7 Qe2+
45.Kb3 Qxe7 46.Qxg2  1/2-1/2

[Event "XI Miquel Mas Open"]
[Site "Figueres ESP"]
[Date "2010.08.14"]
[Round "5"]
[White "Vinas Serra,J"]
[Black "Andres Sebastian,Luis"]
[Result "1-0"]
[WhiteElo "1878"]
[BlackElo "1493"]

1.d4 Nf6 2.Bg5 d5 3.Nd2 e6 4.e3 Be7 5.f4 Bd7 6.Bd3 Nc6 7.c3 a6 8.Qe2 h6 9.Bxf6 Bxf6
10.Ngf3 Ne7 11.O-O O-O 12.Ne5 c6 13.Qh5 Nf5 14.Rae1 b5 15.e4 Ne7 16.Nxd7 Qxd7
17.e5 Bxe5 18.fxe5 Ng6 19.Bxg6 fxg6 20.Qxg6 Rxf1+ 21.Rxf1 Rf8 22.Rxf8+ Kxf8
23.Nf3 a5 24.Nh4 Qe7 25.Qg4 Kg8 26.Ng6 Qf7 27.Nf4 Qf5 28.Qxf5 exf5 29.Kf2 Kf7
30.Nd3 g5 31.Kf3 h5 32.h3 Ke6 33.Nc5+ Ke7 34.Nb7 a4 35.h4 g4+ 36.Kf4 Kd7
37.Kxf5 Kc7 38.e6  1-0

[Event "e2e4 Autumn Challengers E"]
[Site "Uxbridge ENG"]
[Date "2010.08.14"]
[Round "6"]
[White "Kane,Robert"]
[Black "Quinn,Joh"]
[Result "0-1"]
[WhiteElo "1864"]
[BlackElo "2143"]

1.d4 Nf6 2.Bg5 c5 3.Bxf6 gxf6 4.d5 Qb6 5.Qc1 f5 6.Nf3 Bh6 7.e3 d6 8.c4 Nd7
9.Nc3 Rg8 10.Qc2 Ne5 11.Nxe5 dxe5 12.O-O-O Bd7 13.d6 e6 14.Qe2 O-O-O 15.Qh5 Rg6
16.g4 fxg4 17.Rg1 f5 18.h3 g3 19.Qh4 gxf2 20.Qxf2 Rxg1 21.Qxg1 Bf8 22.Qg8 Bxd6
23.Qxh7 e4 24.Qg7 a6 25.h4 Qc7 26.h5 Be5 27.Qf7 Qa5 28.Be2 Bxc3 29.bxc3 Qxa2
30.Rxd7 Qa3+ 31.Kb1 Qb3+ 32.Kc1 Qxc3+ 33.Kb1 Qb4+ 34.Kc1 Rxd7 35.Qg8+ Kc7
36.Qg3+ Kb6  0-1

[Event "e2e4 Autumn Challengers E"]
[Site "Uxbridge ENG"]
[Date "2010.08.15"]
[Round "8"]
[White "Kane,Robert"]
[Black "Collier,T"]
[Result "0-1"]
[WhiteElo "1864"]
[BlackElo "2001"]

1.d4 Nf6 2.Bg5 c5 3.Bxf6 gxf6 4.dxc5 Na6 5.e3 Nxc5 6.Nd2 d5 7.Qf3 a6 8.Nh3 e5
9.O-O-O h5 10.Qe2 Qc7 11.f3 Be6 12.Kb1 Rc8 13.Qf2 Na4 14.c4 Qb6  0-1

[Event "e2e4 Autumn Challengers E"]
[Site "Uxbridge ENG"]
[Date "2010.08.15"]
[Round "9"]
[White "Atkinson,P"]
[Black "Stevenson,J"]
[Result "0-1"]
[WhiteElo "2215"]
[BlackElo "2097"]

1.d4 Nf6 2.Bg5 c5 3.Bxf6 gxf6 4.dxc5 Qa5+ 5.Qd2 Qxc5 6.Qc3 b6 7.Qxc5 bxc5
8.f4 f5 9.Nf3 Bg7 10.c3 Nc6 11.g3 Rb8 12.b3 O-O 13.Kd2 d5 14.Na3 Rd8 15.Nc2 Bb7
16.Rd1 a5 17.Rg1 Ba6 18.e3 Bb7 19.Be2 Rd6 20.Na3 e6 21.Nb5 Rd7 22.Kc2 Ba6
23.a4 Na7 24.c4 Nc6 25.Ne1 Nb4+ 26.Kb1 Rbd8 27.Nf3 Bb7 28.Na3 dxc4 29.Ne5 Be4+
30.Kb2 Bxe5+ 31.fxe5 Rd2+ 32.Kc3 Na2+ 33.Kxc4 Bd5+ 34.Kxc5 Rxe2 35.g4 fxg4
36.Rxg4+ Kf8 37.e4 Rc8+ 38.Kd6 Rxe4 39.Rg3 Bxb3  0-1

[Event "Open"]
[Site "Stockholm SWE"]
[Date "2010.08.18"]
[Round "5"]
[White "Hammar,U"]
[Black "Jansson,G"]
[Result "1-0"]
[WhiteElo "2220"]
[BlackElo "1922"]

1.d4 Nf6 2.Bg5 d5 3.e3 Ne4 4.Bf4 Nd7 5.Bd3 Nef6 6.Nf3 g6 7.c4 Bg7 8.Nc3 c6
9.cxd5 Nxd5 10.Nxd5 cxd5 11.Qb3 Qa5+ 12.Ke2 O-O 13.Rhc1 Re8 14.Bc7 b6 15.Qb5 Qxb5
16.Bxb5 a5 17.Bc6 e6 18.Bxa8 Ba6+ 19.Ke1 Rxa8 20.Bd6 Nf6 21.Be5 a4 22.Rc6 Nd7
23.Bxg7 Kxg7 24.Rd6 Ra7 25.Ne5 Nxe5 26.dxe5 Rb7 27.b3 axb3 28.axb3 Bd3 29.Kd2 Bf5
30.f3 g5 31.Rc6 b5 32.b4 g4 33.Rc5 gxf3 34.gxf3 Bh3 35.Rc8 Kh6 36.Ke2 Bf5
37.Ra5 Kh5 38.Rc5 Rb8 39.Raxb5 Rg8 40.Kf2 Bh3 41.Rb7 Rg2+ 42.Ke1 Rxh2 43.Rxf7 Bf5
44.Rxf5+ exf5 45.Rxd5 Rb2 46.e6  1-0

[Event "46th Akiba Rubinstein Open A"]
[Site "Polanica Zdroj POL"]
[Date "2010.08.19"]
[Round "1"]
[White "Betkowski,A"]
[Black "Gorecki,J"]
[Result "1-0"]
[WhiteElo "2169"]
[BlackElo "1932"]

1.d4 Nf6 2.Bg5 d5 3.e3 e6 4.Bd3 Be7 5.Nd2 Nbd7 6.f4 c5 7.c3 Qb6 8.Rb1 O-O
9.Ngf3 Qc7 10.O-O b6 11.Ne5 Bb7 12.Qf3 c4 13.Bc2 b5 14.Qh3 g6 15.Qh4 Bd8
16.Rf3 Ne4 17.Nxe4 dxe4 18.Rh3 h5 19.Nxd7 Qxd7 20.Bf6 Bxf6 21.Qxf6 Qd8 22.Qe5 Qd5
23.g4 Qxe5 24.fxe5 hxg4 25.Rg3 f5 26.exf6 Rxf6 27.Rxg4 Raf8 28.Bxe4 Bxe4
29.Rxe4 Kg7 30.Rg4 Rf3 31.Re1 Rf2 32.Rg2 R2f5 33.e4 Rf3 34.Rge2 g5 35.Re3 Rf2
36.R1e2 R2f4 37.Kg2 Kg6 38.b3 Rg4+ 39.Rg3 Rh4 40.Rh3 Rg4+ 41.Rg3 Rh4 42.e5 b4
43.bxc4 bxc3 44.Rxc3 Rg4+ 45.Rg3 Rxd4 46.Rc2 Rc8 47.c5 Rc6 48.Rf2 Kh5 49.Rh3+ Rh4
50.Rc2 Rxh3 51.Kxh3 Kg6 52.Kg4 Kh6 53.h3 Kg6 54.Rf2 Rxc5 55.Rf6+ Kg7 56.Rxe6 Ra5
57.Kxg5 Rxa2 58.Re7+ Kg8 59.Kf6 Rf2+ 60.Ke6 Rh2 61.Rxa7 Rxh3  1-0

[Event "TCh-SRB 1st League"]
[Site "Vrnjacka Banja SRB"]
[Date "2010.08.23"]
[Round "3"]
[White "Miladinovic,I"]
[Black "Svetushkin,D"]
[Result "0-1"]
[WhiteElo "2552"]
[BlackElo "2560"]

1.d4 Nf6 2.Bg5 d5 3.Bxf6 exf6 4.e3 Bd6 5.Bd3 f5 6.Nd2 c6 7.h3 h5 8.Ne2 Be6
9.c4 Nd7 10.Qb3 dxc4 11.Bxc4 Bxc4 12.Nxc4 Nb6 13.Nxd6+ Qxd6 14.O-O O-O 15.Nf4 g6
16.a4 Rab8 17.Rfc1 Rfd8 18.Rc5 Nd7 19.Rc2 Kg7 20.a5 Nf6 21.a6 b6 22.Qa3 Qxa3
23.Rxa3 c5 24.dxc5 Rd1+ 25.Kh2 bxc5 26.Nd3 Ne4 27.f3 c4 28.Ne5 c3 29.b3 Nd2
30.Kg3 Nf1+ 31.Kf2 Rbd8 32.Nc4 h4  0-1

[Event "Open"]
[Site "Baku AZE"]
[Date "2010.08.25"]
[Round "3"]
[White "Abasov,N"]
[Black "Gurbanzade,E"]
[Result "1-0"]
[WhiteElo "2517"]
[BlackElo "2180"]

1.d4 Nf6 2.Bg5 g6 3.Bxf6 exf6 4.Nf3 Bg7 5.e3 O-O 6.c4 d6 7.Nc3 Re8 8.Bd3 f5
9.O-O Nc6 10.a3 b6 11.Rc1 Bb7 12.b4 Ne7 13.d5 a5 14.Qb3 axb4 15.axb4 h6 16.Rfd1 Qd7
17.c5 bxc5 18.bxc5 Reb8 19.c6 Bxc6 20.dxc6 Rxb3 21.cxd7 Rxc3 22.Rxc3 Bxc3
23.Rc1 Nd5 24.Bc4 Nb6 25.d8=Q+ Rxd8 26.Rxc3 Nxc4 27.Rxc4 c5 28.Kf1 Kg7 29.Ke2 Ra8
30.Rc2 Kf6 31.Nd2 Ke6 32.g3 g5 33.h4 f4 34.exf4 gxf4 35.gxf4 Ra4 36.Kf3 f5
37.Nc4 Rb4 38.Re2+ Kd7 39.Ne3 Rb3 40.Kg2 Rb4 41.Kg3 Rb3 42.f3 Ke6 43.Ng4+ Kd5
44.Nxh6  1-0

[Event "BDO Challengers"]
[Site "Haarlem NED"]
[Date "2010.08.28"]
[Round "8"]
[White "Van Ruitenburg,J"]
[Black "Rej,T"]
[Result "1-0"]
[WhiteElo "2296"]
[BlackElo "2334"]

1.d4 Nf6 2.Bg5 d5 3.c3 c5 4.Bxf6 exf6 5.dxc5 Bxc5 6.e3 O-O 7.Nd2 Re8 8.Nb3 Bb6
9.Ne2 Bg4 10.h3 Bf5 11.Ng3 Bg6 12.h4 Qc7 13.h5 Rxe3+ 14.Ne2 Rd3 15.Qc1 Nc6
16.hxg6 Re8 17.Rh4 d4 18.Qb1 Nb4 19.cxb4 Qc4 20.gxf7+ Kxf7 21.Nd2 Rxd2 22.Kxd2 Qxb4+
23.Kd1 Ba5 24.Nc3 Rd8 25.Qd3 Qxb2 26.Rb1 Qxc3 27.Rxb7+ Kf8 28.Qxc3 dxc3+
29.Kc1 Kg8 30.Rg4 g5 31.Re4 Rc8 32.Kc2 Rd8 33.Ree7 Rd2+ 34.Kc1  1-0

[Event "Sants Open A"]
[Site "La Bordeta ESP"]
[Date "2010.08.29"]
[Round "10"]
[White "Rojas Keim,L"]
[Black "Nijboer,F"]
[Result "0-1"]
[WhiteElo "2437"]
[BlackElo "2582"]

1.d4 Nf6 2.Bg5 c5 3.d5 Ne4 4.Bf4 Qb6 5.Bc1 e6 6.f3 Nf6 7.e4 exd5 8.exd5 d6
9.c4 Be7 10.Bd3 O-O 11.Nc3 Re8 12.Nge2 Nbd7 13.b3 Ne5 14.Bc2 Nh5 15.O-O f5
16.f4 Nf7 17.Be3 g6 18.Qd2 Bd7 19.Rae1 Qd8 20.Bd3 a6 21.a3 Nf6 22.h3 Bf8
23.Bf2 Bg7 24.b4 Qc7 25.Rb1 Ne4 26.Bxe4 fxe4 27.bxc5 dxc5 28.d6 Qxd6 29.Qxd6 Nxd6
30.Rfd1 e3 31.Be1 Bf8 32.Nd5 Bc6 33.Nf6+ Kf7 34.Nxe8 Rxe8 35.Rbc1 Re4 36.Rd3 Nxc4
37.Ng3 Rxf4 38.Ne2 Re4 39.Ng3 Rf4 40.Ne2 Re4 41.Ng3 Ne5 42.Rdd1 Rd4 43.Bc3 Rxd1+
44.Rxd1 Nc4 45.Rf1+ Ke8  0-1

[Event "1st Fermo Festival"]
[Site "Porto San Giorgio ITA"]
[Date "2010.08.29"]
[Round "9"]
[White "Vezzosi,P"]
[Black "Cordova,E"]
[Result "1/2-1/2"]
[WhiteElo "2362"]
[BlackElo "2560"]

1.d4 Nf6 2.Bg5 c5 3.Bxf6 gxf6 4.d5 f5 5.c3 Na6 6.g3 d6 7.e3 Nc7 8.Nh3 h5
9.Bg2 h4 10.Nd2 b6 11.Nf3 hxg3 12.fxg3 Bb7 13.Nf4 Bh6 14.Nh4 Bxf4 15.exf4 Rxh4
16.gxh4 e6 17.Qh5 Bxd5 18.Rg1 Ke7 19.Qg5+ Kd7 20.O-O-O Qxg5 21.hxg5 Rh8 22.Rd2 Bxa2
23.Rd3 Rxh2 24.Rh3 Rxh3 25.Bxh3 Nd5 26.Rf1 Ne7 27.Kd2 Bd5 28.b4 cxb4 29.cxb4 Kc6
30.Ra1 Kb7 31.Bf1 e5 32.Ba6+ Kc7 33.Rc1+ Kd8 34.Bb5 Be6 35.Ra1 a5 36.bxa5 bxa5
37.fxe5 dxe5 38.Rxa5 Kc7 39.Be8 Kd8 40.Ra8+ Nc8 41.g6 fxg6 42.Bxg6 Ke7 43.Ra6 Nd6
44.Bh5 Bd5 45.Ra7+ Ke6 46.Be2 e4 47.Bf1 f4 48.Kc3 e3 49.Kd4 Nf5+ 50.Kd3 Ke5
51.Ra5 Nh4 52.Bh3 Kd6 53.Ra4 Ng6 54.Ra6+ Ke5 55.Ra5 Nh4 56.Bg4 Kd6 57.Ra6+ Bc6
58.Kd4 Kc7 59.Ra5 Kd6 60.Rh5 Nf3+ 61.Bxf3 Bxf3 62.Rh6+ Ke7 63.Kd3 Bg2 64.Ke2 Bd5
65.Rh4 Bc4+ 66.Ke1 e2 67.Rxf4 Bb5 68.Rf2  1/2-1/2

[Event "7th Malaysia Open"]
[Site "Kuala Lumpur MAS"]
[Date "2010.09.01"]
[Round "1"]
[White "Ho En Huei,D"]
[Black "Rej,T"]
[Result "0-1"]
[WhiteElo "1914"]
[BlackElo "2340"]

1.d4 Nf6 2.Bg5 d5 3.Bxf6 exf6 4.e3 Bd6 5.Bd3 c6 6.Nd2 O-O 7.Qf3 Be6 8.Ne2 Qd7
9.h3 c5 10.dxc5 Bxc5 11.Nb3 Bb6 12.Ned4 Nc6 13.Nxc6 bxc6 14.a4 Qd6 15.c3 Rab8
16.Nd2 Bc7 17.b3 Rfe8 18.g3 Qc5 19.Rc1 d4 20.Ne4 Qe7 21.Qg2 f5 22.O-O Bd5
23.c4 Bxe4 24.Bxe4 Qxe4 25.exd4 Qxg2+ 26.Kxg2 Rxb3 27.d5 c5 28.Rb1 Rxb1 29.Rxb1 Rb8
30.Rb5 Rxb5 31.axb5 g5 32.g4 fxg4 33.hxg4 Kg7 34.Kf3 Kg6 35.Ke4 f5+ 36.gxf5+ Kf6  0-1